01329cam a2200325 a 450000100090000000300090000900500170001800800410003502000180007602000220009404000380011608200220015424501170017626400440029330000280033733600260036533700280039133800270041949000920044650400410053865000700057965000710064965100100072065300230073065500240075370000350077794200120081299900170082495201620084112223961EG-ScBUE20220403111345.0001106s2001 nyu f b 000 0 eng d a9780815339267 a0815339267 (pbk.) aDLCbengerdacDLCdDLCdEG-ScBUE04a822.9109222bMOD00aModern dramatists :ba casebook of the major British, Irish, and American playwrights /cedited by Kimball King. 1aNew York ;aLondon :bRoutledge,c2001. axx, 396 pages ;c24 cm. 2rdacontentatextbtxt 2rdamediaaunmediatedbn 2rdacarrieravolumebnc0 aGarland reference library of the humanities ;vv. 1985.aCasebooks on modern dramatists aIncludes bibliographical references. 7aEnglish dramaxHistory and criticismy20th century.9303932BUEsh 7aAmerican dramaxHistory and criticismy20th century.9303942BUEsh 2BUEsh cJuly2012bHHUUEENN vReading book9342321 aKing, Kimball,eeditor.930395 2ddccBB c16826d16826 00102ddc40708BaccahaMAINbMAINc2NDd2012-07-08epurchaseg274.00h15424l2m1o822.9109 MODp000026920r2025-07-15 00:00:00s2019-08-06w2012-07-08yBB